Taking the stand (Record no. 84585)
[ view plain ]
| 000 -LEADER | |
|---|---|
| fixed length control field | 00763cab a22001935a 4500 |
| 001 - CONTROL NUMBER | |
| control field | L158395 |
| 008 - FIXED-LENGTH DATA ELEMENTS--GENERAL INFORMATION | |
| fixed length control field | 150130e20150124xxk 000 0 eng d |
| 035 ## - SYSTEM CONTROL NUMBER | |
| System control number | (Sirsi) u158395 |
| 041 0# - LANGUAGE CODE | |
| Language code of text/sound track or separate title | eng |
| 100 1# - MAIN ENTRY--PERSONAL NAME | |
| Personal name | Eden, Tony |
| 245 00 - TITLE STATEMENT | |
| Title | Taking the stand |
| 260 ## - PUBLICATION, DISTRIBUTION, ETC. | |
| Date of publication, distribution, etc. | 2015 |
| 490 ## - SERIES STATEMENT | |
| Series statement | Estates Gazette |
| Volume/sequential designation | (1503) 24 January 2015, 74-76(2) |
| 520 ## - SUMMARY, ETC. | |
| Summary, etc. | Considers the framework for surveyors acting as expert witnesses following publication of new RICS guidance which came into effect on 2 July 2014. Discusses the scope of the role, the dual role where the surveyor appears as both advocate and expert witness, the main duties of the expert and the expert report. |
| 590 ## - LOCAL NOTE (RLIN) | |
| Local note | KA |
| 651 #4 - SUBJECT ADDED ENTRY--GEOGRAPHIC NAME | |
| Geographic name | United Kingdom |
| 690 ## - LOCAL SUBJECT ADDED ENTRY--TOPICAL TERM (OCLC, RLIN) | |
| Topical term or geographic name as entry element | Dispute resolution |
| 9 (RLIN) | 6236 |
| 942 ## - ADDED ENTRY ELEMENTS (KOHA) | |
| Suppress in OPAC | 0 |
| Withdrawn status | Lost status | Source of classification or shelving scheme | Damaged status | Not for loan | Home library | Current library | Shelving location | Date acquired | Total Checkouts | Full call number | Barcode | Date last seen | Copy number | Price effective from | Koha item type |
|---|---|---|---|---|---|---|---|---|---|---|---|---|---|---|---|
| Dewey Decimal Classification | London | London | Journal article | 30/01/2015 | L158395 | 158395-1001 | 06/08/2019 | 1 | 06/08/2019 | Journal article |